| 000 | 00632nam a2200241Ia 4500 | ||
|---|---|---|---|
| 003 | OSt | ||
| 005 | 20221005131723.0 | ||
| 006 | a|||||r|||| 00| 0 | ||
| 007 | ta | ||
| 008 | 221004b |||||||| |||| 00| 0 tel d | ||
| 024 | _a39867 | ||
| 037 | _cTextual | ||
| 040 |
_aCRL _cCRL _btel |
||
| 041 |
_2tel _atel |
||
| 082 | _aY:351:g(V216185), 35N1 | ||
| 100 |
_aNarasamamba _9639978 |
||
| 245 | 0 | _astudy of folktales of east godavari district | |
| 260 | _c1960 | ||
| 300 |
_a130p. _ccm. |
||
| 650 | _aCULTURE | ||
| 942 |
_hY:351:g(V216185), 35N1 _cTEXL _2cc |
||
| 999 |
_c1061205 _d1061205 |
||